Statistics for Pi Digits #22 1001-2000

Click here to take the quiz!

General Stats

  • This quiz has been taken 4,379 times
  • The average score is 87 of 200

Answer Stats

Digits% Correct
38095
100%
25720
95%
10654
93%
27886
91%
85863
91%
53381
90%
59361
90%
82303
88%
82796
88%
01952
86%
03530
84%
18529
84%
68995
84%
25994
83%
77362
83%
13891
81%
17752
79%
24972
79%
13151
78%
83479
78%
55748
74%
57242
74%
45415
72%
01671
71%
06040
71%
06959
71%
09277
71%
13900
71%
19255
71%
24012
71%
27855
71%
49393
71%
50829
71%
50983
71%
53311
71%
63746
71%
68617
71%
81754
71%
88907
71%
98488
71%
04047
67%
16035
67%
46684
67%
46767
67%
47101
67%
53464
67%
55379
67%
61989
67%
62080
67%
63707
67%
66010
67%
68471
67%
77472
67%
81942
67%
83744
67%
85836
67%
94482
67%
95559
67%
25906
64%
94912
64%
93313
57%
05803
55%
20569
55%
52104
55%
66024
55%
67702
55%
75216
55%
81501
55%
89891
55%
04269
53%
24300
53%
25338
53%
35587
53%
64024
53%
73263
53%
74964
53%
91419
53%
92279
53%
92726
53%
93511
53%
67823
50%
15030
48%
21641
48%
21992
48%
28618
48%
29745
48%
45863
48%
54781
48%
63600
48%
93417
48%
02955
47%
21079
47%
55706
47%
58692
47%
69956
47%
74983
47%
75093
47%
85054
47%
90927
47%
94588
47%
32116
31%
53449
28%
02364
26%
06001
26%
07426
26%
34797
26%
38000
26%
41757
26%
46728
26%
49911
26%
51818
26%
54252
26%
61452
26%
63698
26%
75356
26%
75596
26%
77279
26%
78625
26%
80665
26%
81647
26%
87202
26%
90977
26%
98818
26%
02542
24%
07394
24%
11573
24%
13347
24%
14144
24%
14333
24%
16136
24%
17321
24%
19735
24%
22184
24%
27255
24%
33239
24%
43852
24%
45477
24%
49192
24%
49468
24%
52552
24%
56209
24%
56887
24%
57418
24%
62416
24%
67179
24%
68548
24%
69485
24%
72147
24%
72350
24%
86251
24%
89835
24%
92192
24%
01653
22%
04946
22%
27232
21%
46680
21%
49886
21%
60857
21%
79178
21%
82796
21%
84383
21%
10095
19%
38837
19%
79766
19%
81454
19%
86360
19%
95068
19%
00642
17%
04712
17%
06744
17%
08412
17%
11863
17%
17287
17%
19652
17%
20391
17%
20511
17%
21066
17%
25125
17%
26945
17%
27862
17%
37137
17%
43719
17%
60424
17%
73929
17%
84886
17%
84896
17%
85022
17%
86960
17%
94945
17%
95636
17%
08658
16%
32645
16%
33904
16%
41389
16%
46575
16%
46776
16%
59009
16%
73962
16%
78027
16%
99581
16%

Score Distribution

Percentile by Number Answered

Percent of People with Each Score

Your Score History

You have not taken this quiz